Autos sacramentales alegóricos e historiales del fénix de los poetas, el español Don Pedro Calderón de la Barca : tomo primero /

Gorde:
Xehetasun bibliografikoak
Egile nagusia: Calderón de la Barca, Pedro (autor)
Beste egile batzuk: Fernández de Apontes, Juan (edición) (edición)
Formatua: Liburua
Hizkuntza:gaztelania
Gaiak:
Etiketak: Etiketa erantsi
Etiketarik gabe, Izan zaitez lehena erregistro honi etiketa jartzen!

MARC

LEADER 00000nam^a2200000^a^4500
001 000380427
005 20250526000000.0
009 20260310120604.77
037 |a Acervo Xavier Clavigero 
041 |a ESP 
082 |a 862.  |b CAL V. 1 
100 |a Calderón de la Barca, Pedro  |e (autor) 
240 1 1 |a [Autos sacramentales de Pedro Calderón de la Barca] 
245 1 0 |a Autos sacramentales alegóricos e historiales del fénix de los poetas, el español Don Pedro Calderón de la Barca :  |b tomo primero /  |c P. Calderón de la Barca ; publicación de J. Fernández de Apontes. 
264 |a Madrid, España :  |b Oficina de la Viuda de Manuel Fernández,  |c 1759 
300 |a 419 p. ;  |c 21.0 cm. 
336 |a texto  |b txt  |2 rdacontenido 
337 |a sin mediación  |b n  |2 rdamedio 
338 |a volumen  |b nc  |2 rdasoporte 
501 |a Encuadernación particular 
545 0 |a Pedro Calderón de la Barca (1600-1681), dramaturgo y poeta español nacido en Madrid, fue una figura importante del Siglo de Oro de la literatura española. Se educó en un colegio jesuita y continuó sus estudios en las universidades de Alcalá y Salamanca. Fue soldado en la juventud y sacerdote en la vejez, cuya ordenación religiosa aconteció en 1651. Su primer comedia conocida fue Amor, honor y poder (1623); le siguieron La dama duende (1629); Casa con dos puertas, mala es de guardar (1632); No hay burlas con el amor (1637); ¿Cuál es la mayor perfección? (1663). Sus obras dramáticas se dividen en dramas religiosos, trágicos o de honor, y filosóficos. Entre las primeras destacan El príncipe constante (1629) y El mágico prodigioso (1637). De las trágicas o de honor están El médico de su honra (1635) y El alcalde de Zalamea (1640); y de las filosóficas la más conocida es La vida es sueño (1636). Además escribió unos ochenta autos sacramentales, los más conocidos son: El gran teatro del mundo (1636) y el Auto de la vida es sueño (1670). 
562 |a Falta cubierta 
649 |a XX 
650 |a Autos Sacramentales -  |z España 
650 |a Teatro Religioso -  |z España 
650 |a Teatro Español 
650 |a Literatura Española -  |y Epoca Clásica, 1500-1700 
650 |a Literatura Española -  |y Siglo XVII 
650 |a Literatura Religiosa -  |z España 
650 |a Literatura Barroca -  |z España 
740 3 |a La serpiente de metal /  |c P. Calderón de la Barca ; publicación de J. Fernández de Apontes. 
740 0 |a Psiquis y Cupido /  |c P. Calderón de la Barca ; publicación de J. Fernández de Apontes. 
740 3 |a El indulto general /  |c P. Calderón de la Barca ; publicación de J. Fernández de Apontes. 
740 3 |a El nuevo hospicio de los pobres /  |c P. Calderón de la Barca ; publicación de J. Fernández de Apontes. 
740 3 |a La primer flor del Carmelo /  |c P. Calderón de la Barca ; publicación de J. Fernández de Apontes. 
740 3 |a El Año Santo de Roma /  |c P. Calderón de la Barca ; publicación de J. Fernández de Apontes. 
740 3 |a El Año Santo en Madrid /  |c P. Calderón de la Barca ; publicación de J. Fernández de Apontes. 
740 3 |a El árbol del mejor fruto /  |c P. Calderón de la Barca ; publicación de J. Fernández de Apontes. 
740 4 |a Los misterios de la misa /  |c P. Calderón de la Barca ; publicación de J. Fernández de Apontes. 
740 0 |a Primero y segundo Isaac /  |c P. Calderón de la Barca ; publicación de J. Fernández de Apontes. 
740 4 |a Los alimentos del hombre /  |c P. Calderón de la Barca ; publicación de J. Fernández de Apontes. 
740 3 |a El nuevo palacio del retiro /  |c P. Calderón de la Barca ; publicación de J. Fernández de Apontes. 
700 |a Fernández de Apontes, Juan  |e (edición) 
910 |a Fondo General 
920 |a Impresos - Libros 
930 |a Libros Antiguos y Raros 
940 |a Literatura 
905 |a 108 
901 |a 0500275642  |b IT2  |c LRA  |u 20250526 
902 |a https://opac.biblio.iteso.mx/vufind/Record/000380427